Návrh využitia marketingovej komunikácie pri etablovaní spoločnosti Tip-Top Services, s.r.o. Trnava na trhu = The project of using marketing's communication at the location the company TIP-TOP Services s.r.o. Trnava on the market : Diplomová práca

Salvato in:
Dettagli Bibliografici
Autore principale: Maťašovský, Viktor (Autore)
Altri autori: Lenhardt, Igor (xxx)
Natura: Manoscritto Libro
Lingua:slovacco
Pubblicazione: Trnava : STU v Bratislave MtF KPIM, 2007
Soggetti:
Tags: Aggiungi Tag
Nessun Tag, puoi essere il primo ad aggiungerne!!

MARC

LEADER 00000ntm a22000003a 4500
001 stu145005
005 20160719155734.9
008 070907s2007----xo------------------slo-d
040 |a STU  |b slo 
041 0 |a slo 
044 |a xo 
100 1 |a Maťašovský, Viktor  |4 aut 
245 1 |a Návrh využitia marketingovej komunikácie pri etablovaní spoločnosti Tip-Top Services, s.r.o. Trnava na trhu = The project of using marketing's communication at the location the company TIP-TOP Services s.r.o. Trnava on the market :  |b Diplomová práca 
260 |a Trnava :  |b STU v Bratislave MtF KPIM,  |c 2007 
300 |a 69 s  |c príl., 1 CD-ROM 
500 |a Program: priemyselné manažérstvo 
650 7 |a marketing  |2 estusub 
650 7 |a marketingová komunikácia  |2 stusub 
700 1 |a Lenhardt, Igor  |4 xxx 
996 |b 284M065840  |c M*DP-6874  |l MMSKP  |s P  |a 0  |w stu145005_0001